banner-ar

وثائق تجارة السلاح الالمانى فى الجزيرة العربية : (Record no. 60411)

MARC details
000 -الفاتح
حقل البيانات ثابتة الطول 00926nam a22002537a 4500
005 - وقت وتاريخ اخر تعامل مع التسجيلة
رقم الضبط 20240530110409.0
008 - عناصر البيانات ثابتة الطول - معلومات عامة
حقل البيانات ثابتة الطول 150209s2011 ua o g j 000 0 ara d
017 ## - رقم الايداع القانونى
رقم الايداع القانونى 2011/15360
المصدر ( الهيئة المختصة) مصر . دار الكتب المصرية
020 ## - الرقم الدولى المعيارى للكتب
الرقم الدولى المعيارى للكتاب 9789771808497
040 ## - مصدر الفهرسة
وكالة الفهرسة الأصلية EG-CaGPL
041 0# - رمز اللغة
رمز لغة النص/ المسارات الصوتية أو العنوان الانفرادي ara
082 04 - رقم تصنيف ديوى العشرى
رقم الطبعة 21
رقم التصنيف 382.091\
رقم المادة ع و
100 0# - المدخل الرئيسى - إسم شخصى
الإسم الشخصى عمر رياض
245 10 - بيان العنوان
العنوان وثائق تجارة السلاح الالمانى فى الجزيرة العربية :
بقية العنوان قراءة فى ارشيف زكى كرام /
بيان المسئوليه,etc عمر رياض
260 ## - PUBLICATION, DISTRIBUTION, ETC. (IMPRINT)
تاريخ النشر أو التوزيع 2011
300 ## - الوصف المادى
التعداد 558 ص ؛
أبعاد الوعاء 24 سم
490 ## - بيان السلسلة
عنوان السلسلة دراسات وثائقية ؛
رقم المجلد/ التعيين التسلسلي 2
600 04 - المدخل الاضافى بالموضوع-اسم شخصى
الإسم الشخصى زكى كرام
650 04 - المدخل الاضافى بالموضوع-مصطلح موضوعى
مصطلح موضوعي الاسلحة
650 04 - المدخل الاضافى بالموضوع-مصطلح موضوعى
مصطلح موضوعي الاسلحة
التقسيم الفرعي العام صناعة و تجارة
650 04 - المدخل الاضافى بالموضوع-مصطلح موضوعى
مصطلح موضوعي الاسلحة و التسليح
942 ## - عناصر المدخل الإضافي( كوها)
مصدر التصنيف او مخطط الترفيف Dewey Decimal Classification
Koha [default] item type كتاب
260 ## - PUBLICATION, DISTRIBUTION, ETC. (IMPRINT)
-- القاهرة :
-- دار الكتب المصرية ،
Holdings
حالة التراجع حالة الفقد حالة تلف ليس للاعارة المكان المؤقت الموقع الحالى تاريخ الاكتساب اجمالي اﻻعارات رقم الطلب الباركود تاريخ اخر مشاهدة تاريخ تفعيل السعر نوع وعاء كوها
        مكتبة القاهرة الكبرى مكتبة القاهرة الكبرى 02/09/2015   382.091\ ع و 159453 02/09/2015 02/09/2015 كتاب

Powered By

EGPV